| 000 | 00654nam a2200301Ia 4500 | ||
|---|---|---|---|
| 005 | 20260401122241.0 | ||
| 008 | 008 250103s9999 xx 000 0 eng d | ||
| 020 | _a062032984X | ||
| 037 | _aTB | ||
| 040 | _aEDL | ||
| 040 | _beng | ||
| 040 | _cEDL | ||
| 041 | _2eng | ||
| 041 | _aeng | ||
| 084 | _a896 MPH | ||
| 084 | _qEDL | ||
| 100 |
_aMaphahlele, Es'kia _91233031 |
||
| 245 | 0 | _aEs'kia-ontinued | |
| 245 | 0 | _cMaphahlele, Es'kia | |
| 260 | _aJohannesburg | ||
| 260 | _bStainbank & Associates | ||
| 260 | _c2004 | ||
| 300 | _a438p | ||
| 942 | _cTB | ||
| 942 | _h896 MPH | ||
| 999 |
_c1845964 _d1845964 |
||